Top 50 des prénoms garçons et filles années 1960 - Statistiques

Statistiques générales
  • Ce quiz a été pris 249 fois
  • Le résultat moyen est 54 sur 100
Statistiques - réponses
Prénom % Correct
Jean
97%
Marie
88%
François
86%
Michel
85%
Christian
82%
Christine
79%
Pierre
79%
Patrick
78%
Christophe
76%
Isabelle
76%
Philippe
75%
Dominique
74%
Françoise
74%
Alain
73%
Laurent
73%
Sylvie
73%
Marc
72%
Pascal
71%
Claude
70%
Anne
69%
Nathalie
69%
Bernard
68%
Catherine
67%
Christelle
67%
Véronique
67%
Laurence
66%
Patrice
66%
Stéphane
66%
Frederic
65%
Daniel
64%
Martine
63%
Annie
62%
Brigitte
62%
Didier
62%
Eric
62%
Jacques
62%
Nicolas
62%
Sandrine
62%
Valérie
62%
Corinne
61%
Jean-Pierre
61%
Pascale
61%
Michèle
60%
Olivier
60%
Thierry
60%
Monique
59%
Sophie
59%
Patricia
58%
Florence
57%
Gilles
55%
Hélène
55%
Nicole
55%
André
54%
Gérard
53%
Béatrice
52%
Franck
52%
Yves
52%
Caroline
51%
Jean-Claude
51%
Vincent
51%
Cécile
50%
David
50%
Denis
50%
Fabrice
49%
Jean-Luc
47%
Claudine
46%
Bruno
45%
Chantal
45%
Fabienne
45%
Jean-Marc
45%
Karine
45%
Nadine
45%
Emmanuel
43%
Joel
43%
Xavier
43%
Francis
42%
Guy
42%
Serge
42%
Sylvain
39%
Annick
38%
Frédérique
36%
Elisabeth
35%
Evelyne
34%
Jean-Michel
34%
Joelle
34%
Carole
33%
Jean-François
31%
Agnès
27%
Hervé
27%
Sabine
26%
Muriel
25%
Anne-Marie
24%
Myriam
23%
Jocelyne
21%
Marie-Christine
17%
Mireille
17%
Nadia
15%
Murielle
14%
Lionel
10%
Aucun quiz correspondant
Distribution des résultats
% des personnes avec chaque résultat
Percentile par nombre de réponses
Votre historique - résultats
Vous n’avez pas pris ce quiz